NFL Goat's - Statistics

General Stats
  • This quiz has been taken 174 times
    160 since last reset
  • The average score is 8 of 17
Answer Stats
Pos. Player % Correct
QB Tom Brady
99%
WR Jerry Rice
91%
CB Deion Sanders
78%
TE Tony Gonzalez
71%
HC Bill Belichick
70%
RB Jim Brown
62%
MLB Ray Lewis
59%
OLB Lawrence Taylor
56%
EDGE Reggie White
40%
K Adam Vinatieri
35%
S Ronnie Lott
28%
DT Mean Joe Greene
27%
OT Anthony Munoz
26%
IOL Larry Allen
19%
FB Mike Alstott
15%
P Ray Guy
15%
C Jim Otto
10%
No matching quizzes found
Score Distribution
Percent of People with Each Score
Percentile by Number Answered
Your Score History
You have not taken this quiz since the last reset